000 01658nab a2200241 i 4500
001 768714001
003 CO-MdFUSB
005 20240618161936.0
008 240618t1991 us ||||| |||| 00| 0 eng d
040 _bspa
_cCO-MdFUSB
_dCO-MdFUSB
041 _aeng
100 _a Brewer, Monroe,
_eautor
245 1 3 _aThe lifelong learning link :
_btwelve reasons for continuous education for missionaries
_c/ Monroe Brewer
520 _aAl planificar el crecimiento en todos los niveles (personal, cultural y organizacional), los misioneros pueden ayudar a corregir errores del pasado; puede aprender mejor; puede interactuar más creativamente con situaciones de la vida; pueden ser más flexibles, relevantes y estimulantes en sus ministerios; pueden tener vidas más plenamente integradas y equilibradas; potencialmente pueden tener menos problemas y menos serios y no estancarse en sus rutinas misioneras; y puede ser una bendición para todos los demás y para Dios también. Este artículo presenta los argumentos a favor de un compromiso con la “educación continua” al proponer cuatro razones filosóficas y ocho razones prácticas para que los misioneros expandan sus ministerios a través del aprendizaje permanente.
546 _aTexto en inglés.
650 7 _aMisioneros
_9931
650 7 _aEducación de adultos
_xDerecho y legislación
_97020
650 7 _aAprendizaje
_97190
650 7 _aAntropología cultural y social
_96714
773 0 _049486
_982782
_d Pasadena
_oR2657
_tMissiology:
_w(CO-MdFUSB)97
_gVolumen 19, (número 2, 1991) páginas: 185 - 202
_qpágina: 185
942 _cANA
945 _aCatherine Arias Álvarez - Practicante SENA
999 _c70272
_d70272